000
00289nam a22001097a 4500
008
230704b xxu||||| |||| 00| 0 eng d
082
_a
342
_b
JEN 1952
245
_a
Constitutional Laws of the Commonwealth
260
_a
London
_b
Clarendon Press
_c
1952
300
_a
XVIII,520p
942
_2
ddc
_c
BK
999
_c
3594
_d
3594